[Event "Eastern Asia-ch U16"]
[Site "Tornelo INT"]
[Date "2021.10.31"]
[Round "9"]
[White "Bodemar, Jonathan"]
[Black "Vo, Pham Thien Phuc"]
[Result "1/2-1/2"]
[WhiteElo "1639"]
[BlackElo "1880"]
[PlyCount "195"]
[EventDate "2021.10.29"]
[EventType "swiss"]
[EventRounds "9"]
[EventCountry "NET"]
[SourceTitle "CBM 205 Extra"]
[Source "ChessBase"]
[SourceDate "2022.01.31"]
[SourceVersion "1"]
[SourceVersionDate "2022.01.31"]
[SourceQuality "1"]

1. e4 c5 2. Nc3 d6 3. g3 g6 4. Bg2 Bg7 5. d3 Nc6 6. Be3 e5 7. Qd2 Nge7 8. Bh6 Bxh6 9. Qxh6 Nd4 10. Qd2 Be6 11. Nge2 a6 12. f4 Qd7 13. Nd5 Nxd5 14. exd5 Bg4 15. Nxd4 cxd4 16. h3 Bf5 17. g4 Bxg4 18. hxg4 Qxg4 19. fxe5 dxe5 20. Qe2 Qg3+ 21. Qf2 Qg5 22. 0-0 0-0 23. Rae1 Rac8 24. Re2 Kg7 25. Kh2 Rc7 26. Bh3 Rd8 27. Qg2 Qh5 28. Rff2 f6 29. Qf3 Qxf3 30. Rxf3 Rxd5 31. Be6 Rd6 32. Bb3 h5 33. Kg3 Rc5 34. Ref2 Rc8 35. Kh4 Rcc6 36. Rg2 Kh6 37. Bf7 f5 38. Bb3 Rc7 39. Rfg3 Rf6 40. Rg5 e4 41. Bd5 Re7 42. Rg1 Rd6 43. dxe4 fxe4 44. Bc4 e3 45. Bd3 Ree6 46. R1g2 Rf6 47. Kh3 Rde6 48. Kh4 e2 49. Bxe2 Re4+ 50. Kh3 Rxe2 51. Rxg6+ Rxg6 52. Rxe2 Rc6 53. Kg3 Kg5 54. Re5+ Kf6 55. Re2 Re6 56. Rf2+ Ke5 57. Kh4 Rb6 58. b3 Rh6 59. Kg5 Rh8 60. Re2+ Kd5 61. Kh4 Rh7 62. Re8 Rc7 63. Re2 Rh7 64. Re8 Rc7 65. Re2 d3 66. cxd3 Kd4 67. Rf2 Kxd3 68. Kxh5 Rc2 69. Rf7 b5 70. a4 Rc5+ 71. Kg4 b4 72. Rf3+ Kc2 73. Re3 a5 74. Kf4 Kb2 75. Rd3 Kc2 76. Re3 Kd2 77. Rh3 Kc2 78. Ke4 Kb2 79. Kd4 Rg5 80. Kc4 Ka3 81. Rf3 Re5 82. Rh3 Kb2 83. Rg3 Kc2 84. Rg2+ Kd1 85. Kd3 Kc1 86. Kc4 Kb1 87. Rd2 Re3 88. Rd5 Rc3+ 89. Kd4 Kb2 90. Rxa5 Kxb3 91. Ra8 Rc1 92. a5 Rd1+ 93. Kc5 Kc3 94. a6 b3 95. Rb8 Ra1 96. Rxb3+ Kxb3 97. Kb6 Rxa6+ 98. Kxa6 1/2-1/2

[Event "Eastern Asia-ch U16"]
[Site "Tornelo INT"]
[Date "2021.10.30"]
[Round "6"]
[White "Bodemar, Jonathan"]
[Black "Aadithya, Pradeep"]
[Result "1-0"]
[WhiteElo "1639"]
[BlackElo "1393"]
[PlyCount "129"]
[EventDate "2021.10.29"]
[EventType "swiss"]
[EventRounds "9"]
[EventCountry "NET"]
[SourceTitle "CBM 205 Extra"]
[Source "ChessBase"]
[SourceDate "2022.01.31"]
[SourceVersion "1"]
[SourceVersionDate "2022.01.31"]
[SourceQuality "1"]

1. e4 c5 2. Nc3 Nc6 3. g3 g6 4. Bg2 Bg7 5. d3 e5 6. Be3 d6 7. Qd2 Nge7 8. Bh6 0-0 9. h4 f6 10. Bxg7 Kxg7 11. f4 h5 12. Nf3 Bg4 13. 0-0-0 b5 14. Rdf1 b4 15. Nd1 a5 16. Ne3 b3 17. cxb3 a4 18. Nh2 f5 19. Nhxg4 fxg4 20. f5 a3 21. bxa3 Rxa3 22. Nc4 Ra7 23. Qg5 Rf6 24. fxg6 Rxf1+ 25. Rxf1 Nxg6 26. Qxd8 Nxd8 27. Kb2 Rd7 28. Rf5 Nf7 29. Rxh5 Ne7 30. Ne3 Kg6 31. Nxg4 Rb7 32. Bf3 Kxh5 33. Nxe5+ Kh6 34. Nxf7+ Kg7 35. Nxd6 Rd7 36. e5 Ng6 37. Nf5+ Kf7 38. Be4 Nxe5 39. Kc3 Kf6 40. a4 Rd8 41. h5 Kg5 42. h6 Kf6 43. Ne3 Kf7 44. h7 Kg7 45. Nd5 Rd7 46. Nf4 Ra7 47. Ng6 Nxg6 48. Bxg6 Ra8 49. Be4 Rb8 50. g4 Rb4 51. g5 Rb6 52. a5 Rb5 53. a6 Ra5 54. Kc4 Rxa6 55. Kxc5 Ra5+ 56. Kc6 Rxg5 57. b4 Rg1 58. b5 Rc1+ 59. Kb7 Rb1 60. b6 Rb2 61. Kc7 Rc2+ 62. Kb8 Rh2 63. b7 Kf6 64. Kc7 Rc2+ 65. Kd6 1-0

[Event "Eastern Asia-ch U16"]
[Site "Tornelo INT"]
[Date "2021.10.29"]
[Round "2"]
[White "Bodemar, Jonathan"]
[Black "Laohawirapap, Prin"]
[Result "0-1"]
[WhiteElo "1639"]
[BlackElo "1904"]
[PlyCount "114"]
[EventDate "2021.10.29"]
[EventType "swiss"]
[EventRounds "9"]
[EventCountry "NET"]
[SourceTitle "CBM 205 Extra"]
[Source "ChessBase"]
[SourceDate "2022.01.31"]
[SourceVersion "1"]
[SourceVersionDate "2022.01.31"]
[SourceQuality "1"]

1. e4 c5 2. Nc3 Nc6 3. g3 g6 4. Bg2 Bg7 5. d3 d6 6. Be3 Rb8 7. Qd2 b5 8. a3 Nd4 9. Nge2 Bg4 10. Bxd4 cxd4 11. Nd5 Bxe2 12. Qxe2 e6 13. Nb4 Ne7 14. 0-0 0-0 15. f4 a5 16. Na2 Qd7 17. Nc1 Rfc8 18. Rf2 Qa7 19. g4 Rc7 20. h4 Rbc8 21. Qd1 Qb6 22. Nb3 a4 23. Nc1 Nc6 24. Ne2 b4 25. axb4 Nxb4 26. Ng3 Nxc2 27. Rxa4 Ne3 28. Qf3 Qb5 29. Ra3 Nc2 30. Ra2 Qb3 31. Ra6 Bf8 32. Rd2 Qxb2 33. Kh2 Qb5 34. Ra2 Qb1 35. Ra4 Bg7 36. Ra6 Ne3 37. Raa2 Rc2 38. Raxc2 Rxc2 39. Rxc2 Qxc2 40. Qe2 Qc3 41. Bf3 Nc2 42. Qd1 Ne3 43. Qe2 Qc1 44. Qf2 Nc2 45. Be2 Nb4 46. h5 Qd2 47. Qf3 g5 48. f5 Be5 49. fxe6 fxe6 50. Kh3 h6 51. Bf1 Nc2 52. Be2 Qe1 53. Qg2 Bxg3 54. Qxg3 Qxe2 55. Qxd6 Qxd3+ 56. Kh2 Qe2+ 57. Kh3 Qf3+ 0-1

[Event "THA-ch"]
[Site "Bangkok"]
[Date "2020.02.09"]
[Round "7"]
[White "Bodemar, Jonathan"]
[Black "Wiwatanadate, Poompong"]
[Result "0-1"]
[WhiteElo "1685"]
[BlackElo "2031"]
[PlyCount "62"]
[EventDate "2020.02.06"]
[EventType "swiss"]
[EventRounds "9"]
[EventCountry "THA"]
[SourceTitle "CBM 195 Extra"]
[Source "ChessBase"]
[SourceDate "2020.05.31"]
[SourceVersion "1"]
[SourceVersionDate "2020.05.31"]
[SourceQuality "1"]

1. e4 c5 2. Nc3 Nc6 3. g3 g6 4. Bg2 Bg7 5. d3 e5 6. Be3 d6 7. Qd2 Nge7 8. h4 h5 9. Nge2 Rb8 10. 0-0 b6 11. Kh2 Be6 12. Bg5 f6 13. Be3 0-0 14. f4 Nd4 15. Rf2 b5 16. Nd1 Bg4 17. Ng1 b4 18. c3 bxc3 19. bxc3 Ne6 20. Nb2 exf4 21. gxf4 f5 22. Nc4 d5 23. exd5 Nxd5 24. Ne5 Bxe5 25. fxe5 Qxh4+ 26. Nh3 Nxe3 27. Qxe3 f4 28. Qe4 Qg3+ 29. Kh1 Bxh3 30. Bxh3 Qxh3+ 31. Rh2 Qf5 0-1

[Event "THA-ch"]
[Site "Bangkok"]
[Date "2020.02.07"]
[Round "3"]
[White "Bodemar, Jonathan"]
[Black "Laohawirapap, Prin"]
[Result "1/2-1/2"]
[WhiteElo "1685"]
[BlackElo "1882"]
[PlyCount "75"]
[EventDate "2020.02.06"]
[EventType "swiss"]
[EventRounds "9"]
[EventCountry "THA"]
[SourceTitle "CBM 195 Extra"]
[Source "ChessBase"]
[SourceDate "2020.05.31"]
[SourceVersion "1"]
[SourceVersionDate "2020.05.31"]
[SourceQuality "1"]

1. e4 c5 2. Nc3 Nc6 3. g3 d6 4. Bg2 g6 5. d3 Bg7 6. Nge2 e6 7. Be3 Nge7 8. 0-0 0-0 9. Qd2 b6 10. Rad1 d5 11. exd5 exd5 12. Bg5 Be6 13. Nf4 Qd7 14. Rde1 Rae8 15. h4 d4 16. Ne4 Nd5 17. Nxd5 Bxd5 18. Nf6+ Bxf6 19. Bxf6 Qf5 20. Qg5 Qxg5 21. hxg5 Bxg2 22. Kxg2 Re6 23. Rh1 Rxe1 24. Rxe1 Rc8 25. a3 Kf8 26. f4 Rc7 27. Rh1 Kg8 28. Re1 Kf8 29. g4 Ne7 30. Rh1 Kg8 31. Re1 Kf8 32. Rh1 Kg8 33. Re1 Kf8 34. Bxe7+ Rxe7 35. Rxe7 Kxe7 36. Kf3 f6 37. gxf6+ Kxf6 38. g5+ 1/2-1/2

[Event "Thailand Pattaya U16 op 2nd"]
[Site "Pattaya"]
[Date "2019.10.23"]
[Round "9"]
[White "Mekarapiruk, Chawit"]
[Black "Bodemar, Jonathan"]
[Result "0-1"]
[WhiteElo "1657"]
[BlackElo "1657"]
[PlyCount "58"]
[EventDate "2019.10.19"]
[EventType "swiss"]
[EventRounds "9"]
[EventCountry "THA"]
[SourceTitle "CBM 193 Extra"]
[Source "ChessBase"]
[SourceDate "2020.01.31"]
[SourceVersion "1"]
[SourceVersionDate "2020.01.31"]
[SourceQuality "1"]

1. d4 Nf6 2. Nf3 e6 3. c4 d5 4. g3 dxc4 5. Qa4+ c6 6. Qxc4 Be7 7. Bg2 0-0 8. 0-0 Nbd7 9. Nc3 Nb6 10. Qb3 Nbd5 11. Re1 Qb6 12. Nxd5 exd5 13. Qxb6 axb6 14. Bf4 Re8 15. Ne5 Ra4 16. Red1 h6 17. h4 Bd6 18. Bf3 Bf5 19. e3 Rea8 20. a3 b5 21. Rac1 Be7 22. Nd3 Bxd3 23. Rxd3 Bf8 24. Bc7 Rc8 25. Bb6 Nd7 26. Bc5 Bxc5 27. dxc5 Ne5 28. Bd1 Nxd3 29. Rc3 Nxb2 0-1

[Event "Thailand Pattaya U16 op 2nd"]
[Site "Pattaya"]
[Date "2019.10.22"]
[Round "7"]
[White "Bodemar, Jonathan"]
[Black "Samatthanan, Jirath"]
[Result "1-0"]
[WhiteElo "1657"]
[BlackElo "1326"]
[PlyCount "56"]
[EventDate "2019.10.19"]
[EventType "swiss"]
[EventRounds "9"]
[EventCountry "THA"]
[SourceTitle "CBM 193 Extra"]
[Source "ChessBase"]
[SourceDate "2020.01.31"]
[SourceVersion "1"]
[SourceVersionDate "2020.01.31"]
[SourceQuality "1"]

1. e4 e6 2. d4 d5 3. exd5 exd5 4. c4 dxc4 5. Bxc4 Nf6 6. Nf3 Bd6 7. 0-0 0-0 8. Nc3 c6 9. Bg5 Bg4 10. Re1 Nbd7 11. h3 Bh5 12. Qd3 Bg6 13. Qd2 h6 14. Bh4 Bb4 15. Rad1 Qb6 16. Ne5 Ne4 17. Rxe4 Bxe4 18. Nxd7 Qa5 19. Nxf8 Rxf8 20. a3 Bxc3 21. Qxc3 Qh5 22. f3 Re8 23. Bf2 b5 24. Re1 bxc4 25. Rxe4 f5 26. Qxc4+ Kh7 27. Rxe8 Qxe8 28. Qc5 Qd7 1-0

[Event "THA-ch"]
[Site "Bangkok"]
[Date "2019.05.05"]
[Round "9"]
[White "Bodemar, Jonathan"]
[Black "Mekarapiruk, Chawit"]
[Result "1/2-1/2"]
[WhiteElo "1637"]
[BlackElo "1649"]
[PlyCount "50"]
[EventDate "2019.05.01"]
[EventType "swiss"]
[EventRounds "9"]
[EventCountry "THA"]
[SourceTitle "CBM 190 Extra"]
[Source "ChessBase"]
[SourceDate "2019.07.15"]
[SourceVersion "1"]
[SourceVersionDate "2019.07.15"]
[SourceQuality "1"]

1. e4 c5 2. Nc3 Nc6 3. g3 g6 4. Bg2 Bg7 5. d3 Rb8 6. Be3 b5 7. Qd2 b4 8. Nd1 d6 9. f4 Nd4 10. Nf3 Nxf3+ 11. Bxf3 a5 12. d4 c4 13. c3 Nf6 14. 0-0 0-0 15. Qe2 Ba6 16. Nf2 bxc3 17. bxc3 Qb6 18. Bc1 Qc7 19. Ba3 Rb5 20. Rad1 Rfb8 21. Rd2 Bf8 22. Re1 Bb7 23. Qe3 Ba8 24. Kg2 Qb6 25. Qe2 Qc7 1/2-1/2

[Event "THA-ch"]
[Site "Bangkok"]
[Date "2019.05.03"]
[Round "6"]
[White "Pheephacharakan, Pinatpong"]
[Black "Bodemar, Jonathan"]
[Result "1-0"]
[WhiteElo "1842"]
[BlackElo "1637"]
[PlyCount "59"]
[EventDate "2019.05.01"]
[EventType "swiss"]
[EventRounds "9"]
[EventCountry "THA"]
[SourceTitle "CBM 190 Extra"]
[Source "ChessBase"]
[SourceDate "2019.07.15"]
[SourceVersion "1"]
[SourceVersionDate "2019.07.15"]
[SourceQuality "1"]

1. c4 e6 2. g3 Nf6 3. Bg2 d5 4. Nf3 dxc4 5. 0-0 Nc6 6. Qc2 Bd6 7. Qxc4 0-0 8. d4 e5 9. dxe5 Nxe5 10. Nxe5 Bxe5 11. Nc3 c6 12. Be3 Qe7 13. Bc5 Bd6 14. Bxd6 Qxd6 15. e4 Re8 16. Rad1 Qe7 17. Rfe1 Be6 18. Qe2 Rad8 19. e5 Nd7 20. Qe3 a6 21. f4 Bg4 22. Bf3 Bxf3 23. Qxf3 Qb4 24. Ne4 Nf8 25. Qc3 Qa4 26. Nd6 Re7 27. b3 Qa3 28. Rd4 b5 29. Nxb5 axb5 30. Rxd8 1-0